| Поле | Название | Значение |
| |
Тип записи |
a |
| |
Библиографический уровень |
m |
| 001 |
Контрольный номер |
RU/IS/BASE/566585796 |
| 005 |
Дата корректировки |
20251003164056.1 |
| 010 |
Индекс ISBN |
__ |
| d |
Цена |
50-00 |
| 100 |
Данные общей обработки |
__ |
| a |
Данные общей обработки |
19171215d2017||||||| 0rusy0189 ca |
| 101 |
Язык документа |
0_ |
| a |
Язык текста |
rus |
| 102 |
Страна публикации |
__ |
| a |
Страна публикации |
ru |
| 105 |
Кодированные данные (монография) |
__ |
| a |
Кодированные данные (монография) |
a|||||||000zy |
| 200 |
Заглавие и сведения об ответственности |
1_ |
| a |
Заглавие |
Легенда Барсовой горы |
| e |
Сведения, относящиеся к заглавию |
[для познавательного чтения детей дошкольного и младшего школьного возраста] |
| f |
Первые сведения об ответственности |
текст в обработке Л. А. Довгополой ; составитель С. С. Колмакова ; Муниципальное казенное учреждение культуры "Сургутская районная централизованная библиотечная система", Центральная районная библиотека им. Г. А. Пирожникова |
| b |
Общее обозначение материала |
Текст |
| 210 |
Выходные данные |
__ |
| a |
Место издания |
Сургут |
| c |
Издательство |
[б. и.] |
| d |
Дата издания |
2017 |
| 215 |
Физическое описание |
__ |
| a |
Объем |
7, [2] c. |
| c |
Иллюстрации/тип воспроизводства |
цв. ил. |
| d |
Формат |
15 см |
| 300 |
Общие примечания |
__ |
| a |
Общие примечания |
100 экз. |
| 330 |
Аннотация |
__ |
| a |
Аннотация |
Легенда народа ханты о Барсовой горе в авторской обработке Л. А. Довгополой знакомит юных читателей с историей народов Севера |
| 606 |
Тематические рубрики |
__ |
| a |
Основная рубрика |
Фольклор |
| 606 |
Тематические рубрики |
__ |
| a |
Основная рубрика |
Фольклор России |
| y |
Географическая подрубрика |
Российская Федерация |
| y |
Географическая подрубрика |
Россия |
| y |
Географическая подрубрика |
РФ |
| y |
Географическая подрубрика |
Тюменская область |
| y |
Географическая подрубрика |
Ханты-Мансийский автономный округ - Югра |
| y |
Географическая подрубрика |
ХМАО-Югра |
| 610 |
Ключевые слова |
__ |
| a |
Ключевые слова |
детская литература |
| a |
Ключевые слова |
краеведение |
| a |
Ключевые слова |
легенды |
| a |
Ключевые слова |
познавательная литература |
| a |
Ключевые слова |
тема борьбы |
| a |
Ключевые слова |
хантыйская проза |
| a |
Ключевые слова |
хантыйские легенды |
| a |
Ключевые слова |
хантыйские мифы |
| a |
Ключевые слова |
хантыйские рассказы |
| 686 |
Индексы других классификаций |
__ |
| 2 |
Код системы |
rubbks |
| a |
Классификационный индекс |
млК84.2 |
| 702 |
Вторичная интеллектуальная ответственность |
_1 |
| a |
Фамилия |
Довгополая |
| b |
Имя |
Л. А. |
| 4 |
Код отношения |
Адаптер |
| 4 |
Код отношения |
010 |
| 702 |
Вторичная интеллектуальная ответственность |
_1 |
| a |
Фамилия |
Колмакова |
| b |
Имя |
С. С. |
| 4 |
Код отношения |
Составитель |
| 4 |
Код отношения |
220 |
| 711 |
Наименование организации. (Альтернативная ответственность) |
__ |
| a |
Организация/ юрисдикция |
Сургутская районная центральная библиотека им. Г. А. Пирожникова |
| 711 |
Наименование организации. (Альтернативная ответственность) |
__ |
| a |
Организация/ юрисдикция |
Сургутская районная централизованная библиотечная система |
| 801 |
Источник записи |
_0 |
| a |
Страна |
ru |
| b |
Организация |
Муниципальное бюджетное учреждение культуры "Централизованная библиотечная система" г. Сургут (Центральная городская библиотека им. А. С. Пушкина) |
| c |
Дата составления |
20171215 |
| g |
Правила каталогизации |
RCR |
| 801 |
Источник записи |
_1 |
| a |
Страна |
ru |
| b |
Организация |
Муниципальное бюджетное учреждение культуры "Централизованная библиотечная система" г. Сургут (Центральная городская библиотека им. А. С. Пушкина) |
| c |
Дата составления |
20171215 |
| g |
Правила каталогизации |
RCR |
| 852 |
Данные о местонахождении |
__ |
| j |
Шифр хранения |
млК84.2 |
| i |
Авторский знак |
Л 38 |
| 901 |
Тип документа |
__ |
| t |
Тип документа |
m |
| a |
Ответственный |
ООФиК/Волкова |
| 903 |
Характеристики (МАРС) |
__ |
| a |
Дата передачи |
20171215 |
| 969 |
Тип издания |
__ |
| a |
Тип издания |
издание для детей; брошюра |
| 990 |
Данные о заказе (DOS) |
__ |
| j |
Количество экземпляров (DOS) |
1 |
| t |
N записи в КСУ для И/У (DOS) |
201801 |